| 000 | 00356nam a2200133Ia 4500 | ||
|---|---|---|---|
| 008 | 221030s9999 xx 000 0 und d | ||
| 041 | _aEnglish | ||
| 100 | _aP. D. Chaturvedi | ||
| 245 | 0 |
_aBusiness Communication Concepts, Cases & Applications _cby P. D. Chaturvedi, M. Chaturvedi |
|
| 260 | _c0 | ||
| 650 | _aB | ||
| 700 | _aM. Chaturvedi | ||
| 942 | _cBK | ||
| 999 |
_c16877 _d16877 |
||